Le voyage du petit flute!: the travels of little flutey. 11 pieces avec versions flute et piano et piano accompagnement
Saved in:
| Main Authors: | , |
|---|---|
| Format: | Bog |
| Sprog: | fransk engelsk |
| Udgivet: |
Robert Martin
2003
|
| Fag: | |
| Tags: |
Tilføj Tag
Ingen Tags, Vær først til at tagge denne postø!
|
MARC
| LEADER | 00000cam a2200000 a 4500 | ||
|---|---|---|---|
| 001 | UCF0210 | ||
| 003 | CL-VaPUC | ||
| 008 | 120503e20030000FR |||||||||||||||||fre|d | ||
| 041 | 0 | 7 | |a fre |2 CL-VaPUC |
| 041 | 0 | 7 | |a eng |2 CL-VaPUC |
| 082 | 0 | 4 | |a Ft784.183 |b SAR |2 21 |
| 100 | 0 | |a Sarrien-Perrier, Annick |e author |9 562090 | |
| 700 | 0 | |a Basteau, Jean-Francois |e author |9 562091 | |
| 245 | 1 | 3 | |a Le voyage du petit flute!: the travels of little flutey. 11 pieces avec versions flute et piano et piano accompagnement |
| 300 | |a v | ||
| 942 | |c BK | ||
| 945 | |d 20120503 00:00:00 |a dcastane | ||
| 260 | |b Robert Martin |c 2003 | ||
| 500 | |a Incluye CD con ejecuciones musicales y separata con 11 partituras | ||
| 650 | 0 | |a Música para flauta y piano |9 325121 | |
| 650 | 0 | |a Partituras |9 324008 | |
| 583 | |a last modification |c 20120910 09:22:17 |k Rodrigo Vera | ||
| 999 | |c 347680 |d 347678 | ||
| 952 | |0 0 |1 0 |4 0 |6 FT_784_183000000000000_SAR_2003 |7 0 |8 X |9 449168 |a BIBEDU |b BIBEDU |d 2019-11-22 |h v.2 |i 4859456 |o Ft784.183 SAR 2003 |p 4859456 |r 2023-11-22 |w 2019-11-22 |y BK_X |k MUS | ||